000 00213nam a22000857a 4500
008 230810b |||||||| |||| 00| 0 eng d
020 _a9780439559683
100 _aStilton Geronimo
_97367
245 _aPaws of Cheddarface
999 _c12395
_d12395